000 00585nam a2200217Ia 4500
003 OSt
005 20220918192810.0
006 a|||||r|||| 00| 0
007 ta
008 220917b |||||||| |||| 00| 0 eng d
024 _a70,365
037 _cTextual
040 _aARTS
_cARTS
_beng
041 _2eng
_aeng
082 _aR37, K4
100 _aMukerjee Radhakamal
_950966
245 0 _aDimensions of values
_b a unified theory
260 _aLondon
_bGeorge Allen and Unwin UK
_c1964
942 _hR37, K4
_cTEXL
_2CC
999 _c196463
_d196463